Top 10 nejméně zalidněných států USA - Statistics

General Stats
  • This quiz has been taken 137 times
  • The average score is 4 of 10
Answer Stats
populace stát % Correct
733 583 Aljaška
53%
581 381 Wyoming
50%
779 261 Severní Dakota
44%
909 824 Jižní Dakota
43%
1 122 867 Montana
40%
1 385 340 Maine
32%
1 093 734 Rhode Island
28%
647 064 Vermont
25%
1 018 396 Delaware
22%
1 395 231 New Hampshire
21%
No matching quizzes found
Score Distribution
Percent of People with Each Score
Percentile by Number Answered
Your Score History
You have not taken this quiz